<?xml version="1.0" encoding="UTF-8"?>
<record
    xmlns:xsi="http://www.w3.org/2001/XMLSchema-instance"
    xsi:schemaLocation="http://www.loc.gov/MARC21/slim http://www.loc.gov/standards/marcxml/schema/MARC21slim.xsd"
    xmlns="http://www.loc.gov/MARC21/slim">

  <leader>01888nam a2200217 a 4500</leader>
  <controlfield tag="008">180306t2004    ag ||||g |||| 00| 1 spa d</controlfield>
  <datafield tag="020" ind1=" " ind2=" ">
    <subfield code="a">9871105711</subfield>
  </datafield>
  <datafield tag="041" ind1=" " ind2=" ">
    <subfield code="a">spa</subfield>
  </datafield>
  <datafield tag="092" ind1=" " ind2=" ">
    <subfield code="c">507.2</subfield>
    <subfield code="l">30</subfield>
    <subfield code="s">GOL</subfield>
  </datafield>
  <datafield tag="100" ind1="1" ind2=" ">
    <subfield code="a">Golombek, Diego</subfield>
    <subfield code="9">4013</subfield>
  </datafield>
  <datafield tag="245" ind1="3" ind2=" ">
    <subfield code="a">El cocinero cient&#xED;fico.</subfield>
    <subfield code="b">Cuando la ciencia se mete en la cocina. Apuntes de alquimia culinaria /</subfield>
    <subfield code="c">Diego Golombek</subfield>
  </datafield>
  <datafield tag="250" ind1=" " ind2=" ">
    <subfield code="a">2a ed.</subfield>
  </datafield>
  <datafield tag="260" ind1=" " ind2=" ">
    <subfield code="a">Buenos Aires:</subfield>
    <subfield code="b">Siglo Veintiuno;</subfield>
    <subfield code="c">2004.</subfield>
  </datafield>
  <datafield tag="300" ind1=" " ind2=" ">
    <subfield code="a">128 p.</subfield>
    <subfield code="c">19x14 cm.</subfield>
  </datafield>
  <datafield tag="500" ind1=" " ind2=" ">
    <subfield code="a">Golombek, D. y Schwarzbaum, P. (2004). El cocinero cient&#xED;fico. Cuando la ciencia se mete en la cocina. Apuntes de alquimia culinaria. (2a ed.). Buenos Aires : Siglo XXI.</subfield>
  </datafield>
  <datafield tag="505" ind1=" " ind2=" ">
    <subfield code="a">Hace no mucho tiempo los cient&#xED;ficos fueron mandados a lavar platos. Un sabio consejo, ya que la ciencia tiene mucho de cocina, de probar y de mezclar. Por otro lado, la cocina misma es un are y una ciencia, y conocer los secretos de hervores, frituras y congelados puede ayudar a servir una mesa llena de delicias. Muchos consejos de abuelas encuentran as&#xED; su respuesta "cient&#xED;fica": &#xBF;c&#xF3;mo lograr una masa o una mayonesa perfectas? &#xBF;y las claras a nieve? &#xBF;cu&#xE1;les son los secretos del almacenamiento de alimentos? &#xBF;Por qu&#xE9; no agregarle un poco de ciencia a la cocina? No por eso dejar&#xE1; de ser divertida, sino todo lo contrario. Adem&#xE1;s, y por el mismo precio, uno podr&#xE1; sorprender a los amigos al explicarles qu&#xE9; es en realidad la gelatina, o c&#xF3;mo lograr el mejor punto de merengue. Al fin y al cabo, jugar al cient&#xED;fico no es demasiado diferente a jugar al cocinero. En este libro, los bi&#xF3;logos Diego Golombek y Pablo Schwarzbaum cuentan algunos de los secretos con que los cocineros cient&#xED;ficos pueden divertirse y deleitar a sus invitados.  </subfield>
  </datafield>
  <datafield tag="590" ind1=" " ind2=" ">
    <subfield code="a">Donacion Prof. Susana S&#xE1;nchez, febrero 2019</subfield>
  </datafield>
  <datafield tag="655" ind1=" " ind2=" ">
    <subfield code="a">Literatura</subfield>
    <subfield code="9">2917</subfield>
  </datafield>
  <datafield tag="700" ind1="1" ind2=" ">
    <subfield code="a">Schwarzbaum, Pablo</subfield>
    <subfield code="9">4014</subfield>
  </datafield>
  <datafield tag="942" ind1=" " ind2=" ">
    <subfield code="2">ddc</subfield>
    <subfield code="c">BK</subfield>
  </datafield>
  <datafield tag="999" ind1=" " ind2=" ">
    <subfield code="c">2853</subfield>
    <subfield code="d">2853</subfield>
  </datafield>
  <datafield tag="952" ind1=" " ind2=" ">
    <subfield code="0">0</subfield>
    <subfield code="1">0</subfield>
    <subfield code="2">ddc</subfield>
    <subfield code="4">0</subfield>
    <subfield code="7">0</subfield>
    <subfield code="a">BFM</subfield>
    <subfield code="b">BFM</subfield>
    <subfield code="c">CR</subfield>
    <subfield code="d">2019-02-11</subfield>
    <subfield code="e">Donaci&#xF3;n Prof. Susana S&#xE1;nchez, Febrero 2019</subfield>
    <subfield code="l">0</subfield>
    <subfield code="o">507.2 30 GOL</subfield>
    <subfield code="p">4376</subfield>
    <subfield code="r">2019-02-11</subfield>
    <subfield code="t">Ej. 1</subfield>
    <subfield code="w">2019-02-11</subfield>
    <subfield code="y">BK</subfield>
    <subfield code="z">Donaci&#xF3;n Prof. Susana S&#xE1;nchez, Febrero 2019</subfield>
  </datafield>
</record>
